00837nam a22002417a 450000500170000001000130001702000210003003500130005103700160006404000120008008200160009210000240010824500560013226000410018827000570022930000230028650000500030965000280035965000290038794200250041699900190044195201350046020170124105929.0 aA-351855 a195622065c00.00 aA-351855 bCen Lib/Ret aDPLbEN a322.42bRAY aRay, Rabindra97793 aThe naxalites and their ideology /cby Rabindra Ray aDelhibOxford University Pressc1988 aYMCA Library Building, Jai Singh RoadbDelhie110001 avi,251p.c22cm(Hb) aIncludes bibliographical references and index aNaxalite movement94220 aPolitical science987737 2ddccENh322.42mRAY c123717d123717 00104070aLbLd2015-06-11eCen Lib/Retg0.00l1o322.42 RAYpA-351855r2018-01-13 00:00:00s2017-12-20t1v0.00w2015-06-11yEN